Todos os Esportes Olímpicos da História dos Jogos Olímpicos de Verão - Statistics

Estatísticas Gerais
  • Esse quiz foi jogado 170 vezes
  • A pontuação média é 26 de 56
Estatísticas das Respostas
Primeira Aparição Ainda Está? Resposta % Correto
Paris 1900 Sim Futebol
97%
Tóquio 1964 Sim Vôlei
94%
Berlim 1936 Sim Basquete
91%
Atenas 1896 Sim Natação
91%
Atenas 1896 Sim Atletismo
89%
Tóquio 2020 Sim Skate
86%
Tóquio 1964 Sim Judô
84%
Saint Louis 1904 Sim Boxe
82%
Atenas 1896 Sim Tênis
82%
Saint Louis 1904 Sim Salto Ornamental
79%
Atenas 1896 Sim Ginástica Artística
76%
Los Angeles 1984 Sim Ginástica Rítmica
74%
Tóquio 2020 Sim Surfe
74%
Seul 1988 Sim Tênis de Mesa
74%
Atenas 1896 Sim Tiro ao Alvo
74%
Atlanta 1996 Sim Vôlei de Praia
72%
Paris 1900 Sim Hipismo
69%
Berlim 1936 Sim Canoagem
66%
Paris 2024 Sim Breaking
64%
Atenas 1896 Sim Luta Olímpica
64%
Berlim 1936 Sim Handebol
62%
Atenas 1896 Sim Esgrima
58%
Paris 1900 Sim Tiro com Arco
58%
Sydney 2000 Sim Triatlo
58%
Atenas 1896 Sim Ciclismo
56%
Paris 1900 Sim Vela
54%
Sydney 2000 Sim Taekwondo
52%
Paris 1900 Não Polo
51%
Barcelona 1992 Sim Badminton
48%
Paris 1900 Sim Rugby
48%
Paris 1900 Sim Remo
46%
Estocolmo Sim Pentatlo
43%
Paris 1900 Sim Golfe
38%
Tóquio 2020 Sim Escalada
36%
Paris 1900 Sim Polo Aquático
36%
Barcelona 1992 Não Beisebol
34%
Tóquio 2020 Não Caratê
28%
Londres 1908 Sim Hóquei na Grama
26%
Paris 1900 Não Críquete
25%
Pequim 2008 Sim Ciclismo BMX
23%
Atenas 1896 Sim Halterofilismo
22%
Paris 1900 Não Cabo de Guerra
21%
Londres 1908 Não Patinação Artística
17%
Atlanta 1996 Não Softbol
17%
Munique 1972 Sim Canoagem Slalom
15%
Saint Louis 1904 Não Lacrosse
11%
Atlanta 1996 Sim Mountain Bike
9%
Los Angeles 1984 Sim Natação Artística
9%
Paris 1900 Não Croquet
6%
Antuérpia 1920 Não Hóquei no Gelo
5%
Paris 1900 Não Pelota Basca
4%
Londres 1908 Não Motonáutica
2%
Sydney 2000 Sim Ginástica Trapolim
1%
Londres 1908 Não Jeu de paume
1%
Londres 1908 Não Raquetes
1%
Saint Louis 1904 Não Roque
1%
Nenhum quiz correspondente encontrado
Distribuição das Pontuações
Porcentagem de Pessoas com Cada Pontuação
Percentil de Números Respondidos
Sua Pontuação Histórica
Você não jogou esse quiz